[Event "Sant Andreu Tram-D"]
[Site "Barcelona"]
[Date "2019.10.26"]
[Round "6.5"]
[White "Fontela Hidalgo, Victor"]
[Black "Creixans Comerma, Marti"]
[Result "1-0"]
[WhiteElo "1562"]
[BlackElo "1486"]
[PlyCount "83"]
[EventDate "2019.09.14"]
[EventType "tourn"]
[EventRounds "9"]
[EventCountry "ESP"]
[SourceTitle "EXT 2024"]
[Source "ChessBase"]
[SourceDate "2023.10.10"]
[SourceVersion "1"]
[SourceVersionDate "2023.10.10"]
[SourceQuality "1"]

1. e4 c6 2. d4 d5 3. Nc3 dxe4 4. Nxe4 Nf6 5. Bd3 Qxd4 6. Nf3 Qd8 7. Qe2 Nxe4 8. Bxe4 Bg4 9. Bd2 g6 10. 0-0-0 Bg7 11. Bc3 Qc7 12. Bxg7 Rg8 13. Bc3 Nd7 14. h3 Be6 15. Kb1 b5 16. Nd4 Bc4 17. Qf3 Rb8 18. Bxc6 e6 19. Bxd7+ Qxd7 20. Nxe6 Qc8 21. Rd8+ Qxd8 22. Nxd8 Rxd8 23. Re1+ Be6 24. Qc6+ Ke7 25. Bb4+ Kf6 26. Qf3+ Kg7 27. Bc3+ Kf8 28. Rxe6 f5 29. Bb4+ Kf7 30. Re7+ Kf6 31. Rxh7 Rge8 32. Qc6+ Kg5 33. h4+ Kf4 34. Qf3+ Ke5 35. Re7+ Rxe7 36. Bxe7 Rd7 37. Qe3+ Kd5 38. Qd3+ Kc6 39. Qxd7+ Kxd7 40. Bg5 Kd6 41. b3 Ke5 42. Kb2 1-0

[Event "Sant Andreu Tram-D"]
[Site "Barcelona"]
[Date "2019.09.21"]
[Round "2.3"]
[White "Chiva Perez, Ferran"]
[Black "Creixans Comerma, Marti"]
[Result "1/2-1/2"]
[WhiteElo "1194"]
[BlackElo "1486"]
[PlyCount "47"]
[EventDate "2019.09.14"]
[EventType "tourn"]
[EventRounds "9"]
[EventCountry "ESP"]
[SourceTitle "EXT 2024"]
[Source "ChessBase"]
[SourceDate "2023.10.10"]
[SourceVersion "1"]
[SourceVersionDate "2023.10.10"]
[SourceQuality "1"]

1. c4 c6 2. d4 d5 3. Nf3 Bf5 4. g3 Nf6 5. Bg2 e6 6. 0-0 Bd6 7. Nc3 0-0 8. cxd5 exd5 9. Bg5 Nbd7 10. Qd2 Qc7 11. Nh4 Be6 12. Qd3 h6 13. Bd2 Nb6 14. Nf5 Bxf5 15. Qxf5 Qd7 16. Qxd7 Nbxd7 17. Rfe1 Rfe8 18. Rac1 Nb6 19. b3 Re7 20. e3 Rae8 21. h3 Nbd7 22. Re2 Bb4 23. Ree1 Bxc3 24. Bxc3 1/2-1/2

[Event "Barcelona La Lira op 12th"]
[Site "Barcelona"]
[Date "2019.04.25"]
[Round "3"]
[White "Creixans Comerma, Marti"]
[Black "Ortiz Padro, Pol"]
[Result "1/2-1/2"]
[WhiteElo "1466"]
[BlackElo "1647"]
[PlyCount "66"]
[EventDate "2019.04.04"]
[EventType "swiss"]
[EventRounds "9"]
[EventCountry "ESP"]
[SourceTitle "CBM 190 Extra"]
[Source "ChessBase"]
[SourceDate "2019.07.15"]
[SourceVersion "1"]
[SourceVersionDate "2019.07.15"]
[SourceQuality "1"]

1. e4 d5 2. exd5 Qxd5 3. Nc3 Qa5 4. Bc4 Nc6 5. d3 Nf6 6. Bd2 Qf5 7. Qf3 Qxf3 8. Nxf3 Bg4 9. Ng5 Bh5 10. Nb5 Rc8 11. 0-0 h6 12. Ne4 Nxe4 13. dxe4 a6 14. Nc3 e6 15. Be3 Bb4 16. Bd2 Rd8 17. Bf4 e5 18. Be3 Nd4 19. Bxd4 Rxd4 20. Bd3 Bxc3 21. bxc3 Rd6 22. Rab1 b5 23. c4 bxc4 24. Rb8+ Rd8 25. Rxd8+ Kxd8 26. Bxc4 a5 27. f3 Ke7 28. Rd1 Rd8 29. Rxd8 Kxd8 30. Kf2 Bg6 31. Ke3 f5 32. exf5 Bxf5 33. Bd3 Bxd3 1/2-1/2

[Event "Foment Martinenc op-C 20th"]
[Site "Barcelona"]
[Date "2018.06.09"]
[Round "8"]
[White "Alegre Monmany, Eric"]
[Black "Creixans Comerma, Marti"]
[Result "1/2-1/2"]
[WhiteElo "1734"]
[BlackElo "1616"]
[PlyCount "70"]
[EventDate "2018.04.21"]
[EventType "swiss"]
[EventRounds "9"]
[EventCountry "ESP"]
[SourceTitle "CBM 184 Extra"]
[Source "ChessBase"]
[SourceDate "2018.06.28"]
[SourceVersion "1"]
[SourceVersionDate "2018.06.28"]
[SourceQuality "1"]

1. e4 e5 2. Nf3 Nc6 3. Bc4 Bc5 4. c3 Nf6 5. d4 exd4 6. cxd4 Bb4+ 7. Bd2 Bxd2+ 8. Nbxd2 d5 9. exd5 Nxd5 10. 0-0 0-0 11. a3 Bg4 12. Qc2 Rc8 13. Rac1 Nb6 14. Bd3 g6 15. Qc3 Nd5 16. Qc5 Nf4 17. Qc3 Ne6 18. d5 Qxd5 19. Be4 Qb5 20. Bxc6 bxc6 21. b4 Nf4 22. Kh1 Ne2 23. Qxc6 Bd7 24. Qxb5 Bxb5 25. Rc5 c6 26. Re1 Kg7 27. Rxb5 cxb5 28. Rxe2 Rc1+ 29. Re1 Rfc8 30. Kg1 Rxe1+ 31. Nxe1 Rc3 32. Kf1 Rxa3 33. Ke2 a5 34. bxa5 Rxa5 35. Nc2 h5 1/2-1/2

[Event "Barcelona La Lira op 36th"]
[Site "Barcelona"]
[Date "2018.02.23"]
[Round "6.21"]
[White "Del Villar Sanchiz, Laura"]
[Black "Creixans Comerma, Marti"]
[Result "0-1"]
[WhiteElo "1700"]
[BlackElo "1236"]
[PlyCount "30"]
[EventDate "2018.01.19"]
[EventType "swiss"]
[EventRounds "8"]
[EventCountry "ESP"]
[SourceTitle "EXT 2024"]
[Source "ChessBase"]
[SourceDate "2023.10.10"]
[SourceVersion "1"]
[SourceVersionDate "2023.10.10"]
[SourceQuality "1"]

1. e4 e5 2. Nf3 Nc6 3. Nc3 Nf6 4. Bc4 Bc5 5. 0-0 0-0 6. Ng5 Qe7 7. d3 h6 8. Qg4 Nxg4 9. Re1 Bxf2+ 10. Kf1 Bxe1 11. Kxe1 hxg5 12. Nd5 Qc5 13. Nxc7 Qf2+ 14. Kd1 Nd4 15. c3 Qe2# 0-1

[Event "Barcelona La Lira op 36th"]
[Site "Barcelona"]
[Date "2018.02.09"]
[Round "4.22"]
[White "Creixans Comerma, Marti"]
[Black "Orts Gonzalez, Rafael"]
[Result "1-0"]
[WhiteElo "1236"]
[BlackElo "1090"]
[PlyCount "69"]
[EventDate "2018.01.19"]
[EventType "swiss"]
[EventRounds "8"]
[EventCountry "ESP"]
[SourceTitle "EXT 2024"]
[Source "ChessBase"]
[SourceDate "2023.10.10"]
[SourceVersion "1"]
[SourceVersionDate "2023.10.10"]
[SourceQuality "1"]

1. e4 e5 2. Nf3 Nf6 3. Nc3 d6 4. Bc4 g6 5. d3 Bg7 6. Bg5 0-0 7. 0-0 Qe8 8. Qd2 Bg4 9. Qe3 c6 10. a3 b5 11. Ba2 c5 12. h3 Bd7 13. Rfd1 b4 14. axb4 cxb4 15. Ne2 a5 16. Bxf6 Bxf6 17. Bd5 Nc6 18. d4 Rc8 19. Bxc6 Rxc6 20. Rxa5 Rxc2 21. Rd2 Rxd2 22. Qxd2 b3 23. Qb4 Qb8 24. Qxb8 Rxb8 25. dxe5 Bg7 26. Ned4 h6 27. exd6 Rb4 28. e5 g5 29. Ra7 Bb5 30. Nxb5 Rxb5 31. d7 Rb8 32. Rc7 f6 33. Rc8+ Rxc8 34. dxc8Q+ Kh7 35. Qf5+ 1-0

[Event "Barcelona La Lira op 35th"]
[Site "Barcelona"]
[Date "2017.03.10"]
[Round "8"]
[White "Creixans Comerma, Marti"]
[Black "Orts Gonzalez, Rafael"]
[Result "1-0"]
[WhiteElo "1645"]
[BlackElo "1127"]
[PlyCount "59"]
[EventDate "2017.01.20"]
[EventType "swiss"]
[EventRounds "8"]
[EventCountry "ESP"]
[SourceTitle "EXT 2018"]
[Source "ChessBase"]
[SourceDate "2017.10.13"]
[SourceVersion "1"]
[SourceVersionDate "2017.10.13"]
[SourceQuality "1"]

1. e4 c5 2. Nf3 a6 3. d3 b5 4. a3 Qa5+ 5. Bd2 b4 6. g3 Nc6 7. c3 Qb6 8. cxb4 cxb4 9. a4 a5 10. Bg2 b3 11. Nc3 Nb4 12. 0-0 Nc2 13. Rc1 e6 14. e5 Bc5 15. Ne4 Bb7 16. Qe2 Rc8 17. Bc3 Ne7 18. d4 Bxd4 19. Nxd4 Nxd4 20. Bxd4 Qxd4 21. Rcd1 Rc2 22. Qb5 Qd5 23. Rxd5 Bxd5 24. Nd6+ Kd8 25. Nxf7+ Ke8 26. Nxh8 Bxg2 27. Kxg2 Nf5 28. Re1 Nd4 29. Qb8+ Ke7 30. Qd6+ 1-0

[Event "Barcelona La Lira op 35th"]
[Site "Barcelona"]
[Date "2017.02.17"]
[Round "5"]
[White "Garcia Vidal, Emili"]
[Black "Creixans Comerma, Marti"]
[Result "1/2-1/2"]
[WhiteElo "1475"]
[BlackElo "1645"]
[PlyCount "31"]
[EventDate "2017.01.20"]
[EventType "swiss"]
[EventRounds "8"]
[EventCountry "ESP"]
[SourceTitle "EXT 2018"]
[Source "ChessBase"]
[SourceDate "2017.10.13"]
[SourceVersion "1"]
[SourceVersionDate "2017.10.13"]
[SourceQuality "1"]

1. f4 d5 2. Nf3 Nc6 3. e3 Bf5 4. b3 e6 5. Bb2 Nf6 6. Bb5 Bd6 7. d4 0-0 8. Bxc6 bxc6 9. 0-0 Ne4 10. Nbd2 Nxd2 11. Qxd2 Rb8 12. Ne5 Bxe5 13. fxe5 Qg5 14. Rf3 Be4 15. Rg3 Qh4 16. Rf1 1/2-1/2

[Event "Barcelona La Lira op 35th"]
[Site "Barcelona"]
[Date "2017.02.10"]
[Round "4"]
[White "Creixans Comerma, Marti"]
[Black "Gonzalez Canovas, Sebastian"]
[Result "0-1"]
[WhiteElo "1645"]
[BlackElo "1667"]
[PlyCount "60"]
[EventDate "2017.01.20"]
[EventType "swiss"]
[EventRounds "8"]
[EventCountry "ESP"]
[SourceTitle "EXT 2018"]
[Source "ChessBase"]
[SourceDate "2017.10.13"]
[SourceVersion "1"]
[SourceVersionDate "2017.10.13"]
[SourceQuality "1"]

1. e4 c6 2. d4 d5 3. Nc3 dxe4 4. Nxe4 Bf5 5. f3 e6 6. Bd3 Qxd4 7. Ne2 Qd8 8. Bf4 Be7 9. Qd2 Bxe4 10. fxe4 Nf6 11. 0-0-0 Nbd7 12. Rhg1 Nc5 13. Qe3 Qa5 14. Nc3 Rd8 15. Qg3 Nh5 16. Qf3 Nxf4 17. Qxf4 Nxd3+ 18. cxd3 Bg5 19. Rgf1 Bxf4+ 20. Rxf4 Qg5 21. g3 e5 22. h4 Qh6 23. Rdf1 exf4 24. Rxf4 Rxd3 25. Ne2 Rxg3 26. Nxg3 Qxf4+ 27. Kc2 Qxg3 28. e5 Ke7 29. e6 Rd8 30. exf7 Qd3+ 0-1